000 00298nam a22001337a 4500
008 181207b xxu||||| |||| 00| 0 eng d
020 _a0824790790
041 _aeng
080 _a510
100 _a36
101 _aMAT
245 _aComplex Variables An Introduction
_cFulks,W
942 _2udc
_cBK
999 _c53028
_d53028